01094nam a22002417a 4500952010800000999001900108008004100127020001800168050002000186100002400206245008400230246004200314250001800356260002800374300005200402500009000454505021400544519000900758650003600767650002700803650001500830942000700845 00104070a11b11d2017-07-17l9oBF576 B37 2014p11 013329r2026-05-12s2026-05-11t1w2017-07-17yLB c102323d102323170717s2014 mx a|||| |||| 00| 0 spa d a9786079346249 aBF576bB37 2014 aBarocio Rosaeautor aDisciplina con amor tus emocionesb: soltando lo que te estorbac/ Rosa Barocio b: soltando tus emociones (en portada) a2a. edición aMéxicob: Paxc, 2014 axii, 143 páginasb: ilustraciones, ejercicios aIncluye Introducción (pp.xi-xii), Conclusión (p.143), Acerca de la uatora (p.145) aConócete mejor a través de los temperamentos ¡Fuera de mi mochila! Cómo soltar lo que limita mi crecimiento personal ¡Lo que si quiero dentro de mi mochila! Todo lo que me impulsa y anima a crecer a d  0aCALIDAD DE VIDA (PSICOLOGÍA)  0aINTELIGENCIA EMOCIONAL 0aAUTOESTIMA cLB